ਸਾਹਿਤਿਕ ਸਵੈ-ਜੀਵਨੀ (Record no. 110873)

MARC details
000 -LEADER
fixed length control field 01124nam a22002537a 4500
005 - DATE AND TIME OF LATEST TRANSACTION
control field 20170123164158.0
010 ## - LIBRARY OF CONGRESS CONTROL NUMBER
LC control number A-773107
020 ## - INTERNATIONAL STANDARD BOOK NUMBER
Terms of availability 90.00
International Standard Book Number 8173801266
035 ## - SYSTEM CONTROL NUMBER
System control number A-773107
037 ## - SOURCE OF ACQUISITION
Stock number Cen Lib / Ret
040 ## - CATALOGING SOURCE
Original cataloging agency DPL
Language of cataloging PN
082 ## - DEWEY DECIMAL CLASSIFICATION NUMBER
Classification number 850.92
Item number ਪੂਰੀਕੈ
100 ## - MAIN ENTRY--PERSONAL NAME
Personal name ਪੂਰੀ, ਕੈਲਾਸ਼
9 (RLIN) 132061
245 ## - TITLE STATEMENT
Title ਸਾਹਿਤਿਕ ਸਵੈ-ਜੀਵਨੀ
Statement of responsibility, etc ਕੈਲਾਸ਼ ਪੂਰੀ
246 ## - VARYING FORM OF TITLE
Title proper/short title Sahitik swe- jeewani : Punjabi /
Remainder of title Kailash Puri
260 ## - PUBLICATION, DISTRIBUTION, ETC. (IMPRINT)
Place of publication, distribution, etc ਪਟਿਆਲਾ
Name of publisher, distributor, etc ਪਬਲੀਕੇਸ਼ਨ ਬਿਊਰੋ, ਪੰਜਾਬੀ ਯੂਨੀਵਰਸਿਟੀ,
Date of publication, distribution, etc 1995
270 ## - ADDRESS
Address ਪਬਲੀਕੇਸ਼ਨ ਬਿਊਰੋ, ਪੰਜਾਬੀ ਯੂਨੀਵਰਸਿਟੀ
City ਪਟਿਆਲਾ
300 ## - PHYSICAL DESCRIPTION
Extent 156p.
Dimensions 22cm(Hb)
650 ## - SUBJECT ADDED ENTRY--TOPICAL TERM
Topical term or geographic name as entry element ਲੇਖਕ, ਪੰਜਾਬੀ - 20 ਸਦੀ - ਜੀਵਨੀ.
9 (RLIN) 132062
650 ## - SUBJECT ADDED ENTRY--TOPICAL TERM
Topical term or geographic name as entry element Authors, Panjabi -- 20th century -- Biography.
9 (RLIN) 111460
650 ## - SUBJECT ADDED ENTRY--TOPICAL TERM
Topical term or geographic name as entry element ਲੇਖਕ, ਪੰਜਾਬੀ.
9 (RLIN) 3679
650 ## - SUBJECT ADDED ENTRY--TOPICAL TERM
Topical term or geographic name as entry element Authors, Panjabi.
9 (RLIN) 111461
942 ## - ADDED ENTRY ELEMENTS (KOHA)
Source of classification or shelving scheme Dewey Decimal Classification
Koha item type Punjabi Bks
Classification part 850.92
Call number suffix ਪੂਰੀਕੈ
Holdings
Withdrawn status Lost status Damaged status Not for loan Home library Current library Date acquired Source of acquisition Cost, normal purchase price Total Checkouts Full call number Barcode Date last seen Copy number Cost, replacement price Price effective from Koha item type
        Central Library Central Library 09/02/2016 Cen Lib/Ret 90.00   850.92 ਪੂਰੀਕੈ A-773107 09/02/2016 1 90.00 09/02/2016 Punjabi Bks

© Delhi Public Library
Hit Counter
free hit counter